Architects' data / (Record no. 353617)

000 -LEADER
fixed length control field 01412cam a2200385 a 4500
001 - CONTROL NUMBER
control field 17146075
003 - CONTROL NUMBER IDENTIFIER
control field OSt
005 - DATE AND TIME OF LATEST TRANSACTION
control field 20180116192413.0
008 - FIXED-LENGTH DATA ELEMENTS--GENERAL INFORMATION
fixed length control field 120202s2012 enka b 001 0 eng
010 ## - LIBRARY OF CONGRESS CONTROL NUMBER
LC control number 2012003456
016 7# - NATIONAL BIBLIOGRAPHIC AGENCY CONTROL NUMBER
Record control number 015884911
Source Uk
020 ## - INTERNATIONAL STANDARD BOOK NUMBER
International Standard Book Number 9781405192538 (pbk. : alk. paper)
020 ## - INTERNATIONAL STANDARD BOOK NUMBER
International Standard Book Number 1405192534 (pbk. : alk. paper)
035 ## - SYSTEM CONTROL NUMBER
System control number (OCoLC)ocn775329524
040 ## - CATALOGING SOURCE
Original cataloging agency DLC
Language of cataloging eng
Transcribing agency DLC
Modifying agency YDX
-- BDX
-- YDXCP
-- EVIEW
-- UKMGB
-- DLC
041 1# - LANGUAGE CODE
Language code of text/sound track or separate title eng
Language code of original ger
042 ## - AUTHENTICATION CODE
Authentication code pcc
050 00 - LIBRARY OF CONGRESS CALL NUMBER
Classification number TH151
Item number .N513 2012
082 00 - DEWEY DECIMAL CLASSIFICATION NUMBER
Classification number 721
Edition number 23
100 1# - MAIN ENTRY--PERSONAL NAME
Personal name Neufert, Ernst.
9 (RLIN) 6209
245 10 - TITLE STATEMENT
Title Architects' data /
Statement of responsibility, etc. Ernst and Peter Neufert ; updated by Johannes Kister ... [et al.] ; translated by David Sturge.
250 ## - EDITION STATEMENT
Edition statement 4th ed.
260 ## - PUBLICATION, DISTRIBUTION, ETC.
Place of publication, distribution, etc. Chichester, West Sussex, UK ;
-- Ames, Iowa :
Name of publisher, distributor, etc. Wiley-Blackwell,
Date of publication, distribution, etc. 2012.
300 ## - PHYSICAL DESCRIPTION
Extent xiii, 593 p. :
Other physical details ill. ;
Dimensions 30 cm.
500 ## - GENERAL NOTE
General note Translated from the German.
504 ## - BIBLIOGRAPHY, ETC. NOTE
Bibliography, etc. note Includes bibliographical references and index.
650 #0 - SUBJECT ADDED ENTRY--TOPICAL TERM
Topical term or geographic name entry element Building
Form subdivision Handbooks, manuals, etc.
9 (RLIN) 6210
650 #0 - SUBJECT ADDED ENTRY--TOPICAL TERM
Topical term or geographic name entry element Building
General subdivision Planning
Form subdivision Handbooks, manuals, etc.
9 (RLIN) 6211
650 #0 - SUBJECT ADDED ENTRY--TOPICAL TERM
Topical term or geographic name entry element Architecture
Form subdivision Handbooks, manuals, etc.
9 (RLIN) 6212
700 1# - ADDED ENTRY--PERSONAL NAME
Personal name Neufert, Peter.
9 (RLIN) 6213
700 1# - ADDED ENTRY--PERSONAL NAME
Personal name Kister, Johannes,
Dates associated with a name 1956-
9 (RLIN) 6214
906 ## - LOCAL DATA ELEMENT F, LDF (RLIN)
a 7
b cbc
c orignew
d 1
e ecip
f 20
g y-gencatlg
942 ## - ADDED ENTRY ELEMENTS (KOHA)
Source of classification or shelving scheme
Koha item type Book
Holdings
Withdrawn status Lost status Source of classification or shelving scheme Damaged status Not for loan Permanent Location Current Location Date acquired Source of acquisition Cost, normal purchase price Total Checkouts Total Renewals Full call number Barcode Date last seen Date last checked out Cost, replacement price Price effective from Koha item type
          School of Art Design and Architecture (SADA) School of Art Design and Architecture (SADA) 01/10/2013 Progressive Internal, Purchase PC-1 7375.00 18 11 721 NEU 2012 SADA0001918 06/03/2016 05/18/2016 7375.00 01/28/2013 Book
© 2023 Central Library, National University of Sciences and Technology. All Rights Reserved.